000 00556nam a2200157Ia 4500
008 220217s9999 xx 000 0 und d
100 _aSiji Sathyan
245 0 _aEvaluation of bacterial bio agents against Corticium salmonicolor causing pink disease of rubber (Hevea brasiliensis)
260 _bMahatma Gandhi University
_a Kottayam
_c2015
300 _a63
500 _aCopy not available. Details from Biotechnolo Dvn
500 _aCourse: MSc Microb
700 _aDr Annakkutty Joseph
850 _aRubber Research Institute of India
942 _cTS
999 _c74252
_d74252